1133 1310 1819 1402 1634 1972 1742 1707 1935 1934 1804 1525 1109 1960 1449 1670 1936 1149 1168 1253 1190 1675 1022 1829 1021 1471 1726 1722 1831 1990 1663 1863 1639 1354 1563 1609 1832 1686 1665 1811 1277 1512 1276 1838 1916 1387 1486 1177 1260 1932 1138 1577 1825 1825 1778 1177 1916 1057 1923 1300 1723 1416 1937 1334 1125 1019 1807 1235 1860 1122 1694 1692 1988 1803 1644 1749 1789 1576 1760 1922 1175 1149 1538 1614 1444 1034 1034 1748 1475 1934 1653 1486 1848 1167 1973 1493 1030 1129 1027 BCNSPRNW ULIB Ver.6.0+V

เปลี่ยนเป็นภาษาไทย

Change to English
 แสดงรายละเอียดบรรณานุกรม
  กลับหน้าหลัก

Brief Record : Get Marc (ISO 2709) : E-mail record : QR code < ปิดหน้าต่าง
LEADER : 00000nam 2200000uu 4500
001    13399109804
003     ULIB
008    110411s2549||||th 000 0 tha d
060 04 WC503^bส691ส 2549
111 2  การสัมมนาระดับชาติเรื่องโรคเอดส์^n(ครั้งที่ 10 :^d2549 :^cกรุงเทพฯ)
245 10 สรุปรายงานการสัมมนาระดับชาติเรื่องโรคเอดส์ ครั้งที่ 10วันที่ 13-15 กรกฎาคม 2549 ณ มหาวิทยาลัยราชภัฏสวนดุสิต และมหาวิทยาลัยราชภัฏสวนสุนันทา /^cโดย สำนักโรคเอดส์ วัณโรคและโรคติดต่อทางเพศสัมพันธ์ กรมควบคุมโรค กระทรวงสาธารณสุข ;คณะบรรณาธิการ, พีระมน นิงสานนท์
246 30 โรคเอดส์
260    นนทบุรี :^bสำนัก,^c2549
300    364 หน้า ;^c30 ซม. +^eซีดี-รอม 1 แผ่น
650  7 กลุ่มอาการภูมิคุ้มกันเสื่อม^vการประชุม
650  7 การติดเชื้อเอชไอวี^vการประชุม
650  7 โรคเอดส์^vการประชุม
650  7 เพศสัมพันธ์
650  7 วัยรุ่น^xพฤติกรรมทางเพศ
700 0  พีระมน นิงสานนท์,^eบรรณาธิการ
710 2  กรมควบคุมโรค. ^bสำนักโรคเอดส์ วัณโรคและโรคติดต่อทางเพศสัมพันธ์
945    ^p0^l0^i019572
995    ทศพร
999 ^a ใช้งานได้ทุกระบบ
รายการนี้ยังไม่มีแท็ก
คุณยังไม่ได้ล็อกอิน คุณสามารถมีกิจกรรมร่วมกับเว็บไซต์ได้ แต่ต้องล็อกอินก่อน ::
  ล็อกอิน

รายการสื่อสารสนเทศ

ลำดับที่ ประเภท เลขเรียก/บาร์โค้ด สถานที่ สถานะ
- ไม่พบข้อมูล -

รายการใกล้เคียง
    หัวเรื่อง [เพศสัมพันธ์]

BibComment


ยังไม่เคยถูกคอมเมนท์

คอมเมนท์ทรัพยากรรายการนี้
  คอมเมนท์: สรุปรายงานการสัมม..


 Copyright 2026. Bcnsprnw @Library